000 00257nam a2200109Ia 4500
008 231011s9999 xx 000 0 und d
041 _aeng
100 _aM. Vygodsky.
245 _aMathematical Handbook.
260 _bMIR Publishar Moscow. -
365 _b12
999 _c883340
_d883340